| 000 | 00351nam a22001337a 4500 | ||
|---|---|---|---|
| 020 | _a9789695039137 | ||
| 040 | _cNUST | ||
| 082 | _a297.55 YAQ | ||
| 100 |
_aYaqub Nizami _988748 |
||
| 245 |
_aMuqaddas Sar Zameen: _bSafar-e-Hajj Ki Yadain |
||
| 260 |
_aLAHORE: _bAl Faisal Nashran, _c2013. |
||
| 650 |
_aIslam-Safarnama Hajj _990531 |
||
| 942 |
_2ddc _cBK |
||
| 999 |
_c587764 _d587764 |
||